000 00650nam a22001697a 4500
003 NUST
038 _aNusrat Nadeem
082 _a200
100 _aSiddiq, Muhammad Fahad
_9125729
245 _aAsia's Fiscal Future: Unveiling the Climate Vulnerability and Readiness Impact on Public Debt and Income Inequality/
_cMuhammad Fahad Siddiq,
264 _aIslamabad;
_bS3H NUST;
_c2024.
300 _a77,p;
_bill;
_c30,cm.
650 _aMS-Government and Public Policy
_9125323
700 _aSupervisor: Dr. Ume Laila Shah Co-Supervisor: Dr Tanweer-UL-Islam
_9125730
856 _u http://10.250.8.41:8080/xmlui/handle/123456789/46392
942 _2ddc
_cSC
999 _c611427
_d611427